000 01814nam a22002897a 4500
005 20110516144330.0
010 _aB-430603-604 B-442731-733
020 _a9780195668339
_c395.00
020 _a0195668332
_c395.00
035 _aB-430603-604 B-442731-733
037 _bRBC/VEN
082 _a324.254
245 _aParties and party politics in India /
_cedited by Zoya Hasan
260 _aNew Delhi
_bOxford University Press
_c2010
300 _axvi,566p.
_c22cm. (pbk)
490 _aThemes in politics
_933278
500 _aIncludes bibliographical references and index
700 _aHasan, Zoya
_928122
942 _2ddc
_cEN
_h324.254
_mPAR
999 _c52461
_d52461